=LDR 00000nam 2200000 4500 =001 INLIS000000000039063 =005 20130612144723 =008 ***********************************ind** =035 ##$$a0010-061300000039063 =041 ##$$a ind =082 ##$$a 813 =090 ##$$a 813, Tan m.1 =100 ##$$a TANSRI, Meiliana K =245 ##$$a Mempelai naga, Meiliana k tansri =260 ##$$a 2010 $b Jakarta =300 ##$$a 244 Hlm, 20 cm =650 ##$$a FIKSI =850 ##$$a NBPNMAT =990 ##$$a 94487/BPAP-NTB/2014 =990 ##$$a 21400613/BPAP-NTB/20142014